[Event "Greek Team Championship"]
[Site "chess24.com"]
[Date "2017.07.03"]
[Round "1"]
[White "Postny, Evgeny"]
[Black "Giannoulakis, Lampros"]
[Result "1/2-1/2"]
[Board "2"]
[WhiteElo "2581"]
[WhiteTitle "GM"]
[WhiteCountry "ISR"]
[WhiteFideId "2804344"]
[WhiteEloChange "-3"]
[BlackElo "2330"]
[BlackTitle "FM"]
[BlackCountry "GRE"]
[BlackFideId "4247019"]
[BlackEloChange "6"]

1. d4 {[%clk 1:30:57]} Nf6 {[%clk 1:30:46]} 2. c4 {[%clk 1:31:11]} g6 {[%clk
1:31:03]} 3. Nc3 {[%clk 1:31:35]} Bg7 {[%clk 1:31:07]} 4. e4 {[%clk 1:31:58]} d6
{[%clk 1:31:31]} 5. Nf3 {[%clk 1:32:22]} O-O {[%clk 1:31:50]} 6. Be2 {[%clk
1:32:48]} e5 {[%clk 1:32:06]} 7. Be3 {[%clk 1:33:12]} Ng4 {[%clk 1:31:28]} 8. Bg5
{[%clk 1:33:35]} f6 {[%clk 1:31:51]} 9. Bh4 {[%clk 1:34:00]} Nc6 {[%clk 1:30:41]}
10. d5 {[%clk 1:34:12]} Ne7 {[%clk 1:30:22]} 11. Nd2 {[%clk 1:34:32]} Nh6 {[%clk
1:29:00]} 12. f3 {[%clk 1:34:32]} c5 {[%clk 1:28:07]} 13. dxc6 {[%clk 1:34:52]}
bxc6 {[%clk 1:27:36]} 14. b4 {[%clk 1:35:06]} Be6 {[%clk 1:24:13]} 15. Nb3 {[%clk
1:35:18]} g5 {[%clk 1:08:50]} 16. Bf2 {[%clk 1:35:32]} Ng6 {[%clk 1:07:33]} 17.
g3 {[%clk 1:30:53]} Qd7 {[%clk 1:01:20]} 18. O-O {[%clk 1:15:34]} g4 {[%clk
0:53:14]} 19. Qd3 {[%clk 1:13:45]} f5 {[%clk 0:39:05]} 20. b5 {[%clk 0:59:51]}
Rac8 {[%clk 0:22:14]} 21. Na5 {[%clk 0:48:42]} cxb5 {[%clk 0:20:37]} 22. cxb5
{[%clk 0:48:19]} gxf3 {[%clk 0:17:16]} 23. Bxf3 {[%clk 0:48:42]} fxe4 {[%clk
0:10:33]} 24. Bxe4 {[%clk 0:47:35]} Bh3 {[%clk 0:09:39]} 25. Nc6 {[%clk 0:36:58]}
Bxf1 {[%clk 0:09:55]} 26. Rxf1 {[%clk 0:37:18]} Ng4 {[%clk 0:08:19]} 27. Nd5
{[%clk 0:27:45]} Nxf2 {[%clk 0:07:34]} 28. Rxf2 {[%clk 0:28:10]} Rxf2 {[%clk
0:07:29]} 29. Kxf2 {[%clk 0:28:35]} Rf8+ {[%clk 0:06:58]} 30. Kg1 {[%clk
0:25:13]} Qf7 {[%clk 0:04:07]} 31. Qe2 {[%clk 0:22:51]} Bh6 {[%clk 0:04:14]} 32.
h4 {[%clk 0:19:38]} Kh8 {[%clk 0:03:05]} 33. h5 {[%clk 0:19:03]} Nf4 {[%clk
0:02:27]} 34. gxf4 {[%clk 0:19:28]} exf4 {[%clk 0:02:16]} 35. Bf3 {[%clk
0:17:26]} Rg8+ {[%clk 0:02:34]} 36. Kh2 {[%clk 0:16:03]} Rg3 {[%clk 0:01:39]} 37.
Nce7 {[%clk 0:04:58]} Rg5 {[%clk 0:01:13]} 38. Qc4 {[%clk 0:01:32]} Bf8 {[%clk
0:00:51]} 39. Qc3+ {[%clk 0:01:37]} Bg7 {[%clk 0:00:47]} 40. Qc8+ {[%clk
0:31:47]} Bf8 {[%clk 0:30:38]} 41. h6 {[%clk 0:25:06]} Re5 {[%clk 0:26:56]} 42.
a4 {[%clk 0:12:11]} Rxe7 {[%clk 0:19:38]} 43. Nxe7 {[%clk 0:12:36]} Qxe7 {[%clk
0:19:52]} 44. Qc3+ {[%clk 0:06:59]} Qe5 {[%clk 0:20:02]} 45. Qxe5+ {[%clk
0:07:21]} dxe5 {[%clk 0:20:13]} 46. a5 {[%clk 0:07:46]} Bc5 {[%clk 0:19:47]} 47.
Bd5 {[%clk 0:08:08]} e4 {[%clk 0:15:44]} 48. Bxe4 {[%clk 0:08:33]} Kg8 {[%clk
0:15:46]} 49. Bd5+ {[%clk 0:08:57]} Kf8 {[%clk 0:14:47]} 50. Kh3 {[%clk 0:09:03]}
Ke7 {[%clk 0:13:18]} 51. Kg4 {[%clk 0:09:23]} Kf6 {[%clk 0:13:29]} 52. Kh5 {[%clk
0:09:13]} Bd4 {[%clk 0:12:31]} 53. Be4 {[%clk 0:09:30]} Be3 {[%clk 0:12:56]} 54.
Kg4 {[%clk 0:09:40]} Bg1 {[%clk 0:11:36]} 55. Kxf4 {[%clk 0:08:18]} Bh2+ {[%clk
0:09:25]} 56. Kg4 {[%clk 0:08:41]} Bc7 {[%clk 0:09:04]} 57. b6 {[%clk 0:08:41]}
axb6 {[%clk 0:09:29]} 58. a6 {[%clk 0:07:52]} Bb8 {[%clk 0:09:57]} 59. Bd3 {[%clk
0:08:16]} b5 {[%clk 0:10:24]} 60. Bxh7 {[%clk 0:08:36]} b4 {[%clk 0:10:26]} 61.
Bb1 {[%clk 0:08:13]} Kf7 {[%clk 0:10:14]} 62. Kf5 {[%clk 0:08:20]} Kg8 {[%clk
0:10:39]} 63. Ke6 {[%clk 0:08:41]} Ba7 {[%clk 0:10:46]} 1/2-1/2

[Event "Greek Team Championship"]
[Site "chess24.com"]
[Date "2017.07.03"]
[Round "1"]
[White "Lagopatis, Nikolaos"]
[Black "Stavrianakis, Ioannis"]
[Result "1/2-1/2"]
[Board "3"]
[WhiteElo "2130"]
[WhiteTitle "CM"]
[WhiteCountry "GRE"]
[WhiteFideId "4200489"]
[WhiteEloChange "4"]
[BlackElo "2267"]
[BlackTitle "FM"]
[BlackCountry "GRE"]
[BlackFideId "4208412"]
[BlackEloChange "-4"]

1. e4 {[%clk 1:30:35]} e6 {[%clk 1:30:32]} 2. Nf3 {[%clk 1:29:18]} d5 {[%clk
1:30:48]} 3. exd5 {[%clk 1:29:26]} exd5 {[%clk 1:31:13]} 4. d4 {[%clk 1:29:26]}
Bd6 {[%clk 1:31:27]} 5. Bd3 {[%clk 1:28:39]} Nc6 {[%clk 1:26:49]} 6. O-O {[%clk
1:04:45]} Nge7 {[%clk 1:26:31]} 7. Re1 {[%clk 0:50:36]} Bg4 {[%clk 1:22:29]} 8.
c3 {[%clk 0:46:19]} Qd7 {[%clk 1:17:14]} 9. Bg5 {[%clk 0:44:29]} f6 {[%clk
1:16:26]} 10. Bh4 {[%clk 0:44:30]} O-O-O {[%clk 1:14:41]} 11. Bg3 {[%clk
0:42:44]} Bxg3 {[%clk 1:08:16]} 12. fxg3 {[%clk 0:42:16]} Rde8 {[%clk 1:00:18]}
13. Nbd2 {[%clk 0:38:05]} Kb8 {[%clk 0:54:32]} 14. Qc2 {[%clk 0:34:45]} g6 {[%clk
0:41:57]} 15. Kf2 {[%clk 0:26:58]} Nc8 {[%clk 0:36:58]} 16. h3 {[%clk 0:19:50]}
Bxf3 {[%clk 0:35:00]} 17. Nxf3 {[%clk 0:18:55]} Nd6 {[%clk 0:33:57]} 18. g4
{[%clk 0:17:15]} Nd8 {[%clk 0:17:32]} 19. Rxe8 {[%clk 0:09:37]} Rxe8 {[%clk
0:17:59]} 20. Re1 {[%clk 0:09:04]} Rxe1 {[%clk 0:17:09]} 21. Kxe1 {[%clk
0:07:54]} Ne6 {[%clk 0:11:42]} 22. g3 {[%clk 0:05:00]} c5 {[%clk 0:10:13]} 23.
Qe2 {[%clk 0:05:03]} c4 {[%clk 0:09:10]} 24. Bb1 {[%clk 0:04:57]} Ng7 {[%clk
0:07:07]} 25. Kf2 {[%clk 0:05:06]} Kc7 {[%clk 0:07:03]} 26. Kg2 {[%clk 0:05:12]}
Qe6 {[%clk 0:06:53]} 27. Qxe6 {[%clk 0:04:54]} Nxe6 {[%clk 0:07:21]} 28. h4
{[%clk 0:05:05]} Nc8 {[%clk 0:02:26]} 29. Kf2 {[%clk 0:05:05]} Kd6 {[%clk
0:02:40]} 30. Ke3 {[%clk 0:05:25]} Ke7 {[%clk 0:02:43]} 31. Bc2 {[%clk 0:05:45]}
b5 {[%clk 0:03:08]} 32. a3 {[%clk 0:05:42]} Nd6 {[%clk 0:03:21]} 33. Ne1 {[%clk
0:03:50]} Kf7 {[%clk 0:02:18]} 34. Ng2 {[%clk 0:04:14]} h6 {[%clk 0:01:21]} 35.
Nf4 {[%clk 0:04:36]} Nxf4 {[%clk 0:01:38]} 36. gxf4 {[%clk 0:04:21]} f5 {[%clk
0:01:33]} 37. g5 {[%clk 0:03:06]} h5 {[%clk 0:01:11]} 38. Bd1 {[%clk 0:03:13]}
Ne4 {[%clk 0:01:25]} 39. Bc2 {[%clk 0:02:48]} Ke6 {[%clk 0:01:23]} 40. Bd1 {[%clk
0:32:59]} Kd6 {[%clk 0:31:33]} 41. Bc2 {[%clk 0:31:35]} a6 {[%clk 0:29:13]}
1/2-1/2

[Event "Greek Team Championship"]
[Site "chess24.com"]
[Date "2017.07.03"]
[Round "1"]
[White "Balokas, Dimitrios"]
[Black "Hidzos, Georgios"]
[Result "1-0"]
[Board "4"]
[WhiteElo "2219"]
[WhiteCountry "GRE"]
[WhiteFideId "4216920"]
[WhiteEloChange "2"]
[BlackElo "1873"]
[BlackCountry "GRE"]
[BlackFideId "4201647"]
[BlackEloChange "-2"]

1. c4 {[%clk 1:30:56]} c5 {[%clk 1:30:06]} 2. Nf3 {[%clk 1:30:47]} Nf6 {[%clk
1:30:10]} 3. Nc3 {[%clk 1:31:09]} b6 {[%clk 1:28:37]} 4. g3 {[%clk 1:31:31]} Bb7
{[%clk 1:29:01]} 5. Bg2 {[%clk 1:31:57]} g6 {[%clk 1:28:54]} 6. O-O {[%clk
1:32:19]} Bg7 {[%clk 1:29:21]} 7. d3 {[%clk 1:29:23]} O-O {[%clk 1:29:43]} 8. Bd2
{[%clk 1:29:47]} d6 {[%clk 1:25:06]} 9. Rb1 {[%clk 1:29:42]} Nbd7 {[%clk
1:15:18]} 10. a3 {[%clk 1:29:44]} Rc8 {[%clk 1:00:43]} 11. e4 {[%clk 1:18:28]}
Ng4 {[%clk 0:54:36]} 12. Ne1 {[%clk 1:14:03]} Nge5 {[%clk 0:52:50]} 13. f4 {[%clk
1:12:45]} Nc6 {[%clk 0:53:11]} 14. Nc2 {[%clk 1:13:07]} Nd4 {[%clk 0:53:10]} 15.
Nxd4 {[%clk 1:13:11]} cxd4 {[%clk 0:50:46]} 16. Ne2 {[%clk 1:09:36]} f5 {[%clk
0:47:12]} 17. exf5 {[%clk 1:08:37]} Bxg2 {[%clk 0:47:36]} 18. Kxg2 {[%clk
1:08:59]} gxf5 {[%clk 0:46:19]} 19. Ng1 {[%clk 1:04:56]} e5 {[%clk 0:42:44]} 20.
Qh5 {[%clk 0:58:50]} Qf6 {[%clk 0:39:15]} 21. Nf3 {[%clk 0:45:29]} Qg6 {[%clk
0:38:23]} 22. Qh3 {[%clk 0:39:35]} e4 {[%clk 0:33:52]} 23. dxe4 {[%clk 0:33:31]}
fxe4 {[%clk 0:32:36]} 24. Ng5 {[%clk 0:27:21]} Nc5 {[%clk 0:29:16]} 25. f5 {[%clk
0:24:00]} Qh6 {[%clk 0:28:45]} 26. Qxh6 {[%clk 0:24:23]} Bxh6 {[%clk 0:29:08]}
27. Nxe4 {[%clk 0:24:43]} Nxe4 {[%clk 0:28:41]} 28. Bxh6 {[%clk 0:25:00]} Rf6
{[%clk 0:29:01]} 29. Rbe1 {[%clk 0:23:54]} d5 {[%clk 0:23:29]} 30. cxd5 {[%clk
0:19:54]} Rc2+ {[%clk 0:21:50]} 31. Kf3 {[%clk 0:20:16]} Nd6 {[%clk 0:17:23]} 32.
Re6 {[%clk 0:16:25]} Rxf5+ {[%clk 0:17:19]} 33. Bf4 {[%clk 0:16:41]} Nc4 {[%clk
0:10:42]} 34. Ke4 {[%clk 0:14:31]} Nd2+ {[%clk 0:03:31]} 35. Kxf5 {[%clk
0:14:27]} Nxf1 {[%clk 0:03:58]} 36. d6 {[%clk 0:14:23]} Rc8 {[%clk 0:02:20]} 37.
d7 {[%clk 0:14:25]} Rf8+ {[%clk 0:02:35]} 38. Rf6 {[%clk 0:14:45]} Rd8 {[%clk
0:01:46]} 39. Ke6 {[%clk 0:14:17]} 1-0

[Event "Greek Team Championship"]
[Site "chess24.com"]
[Date "2017.07.03"]
[Round "1"]
[White "Ivanova, Simoneta"]
[Black "Hristodoulaki, Antonia"]
[Result "1-0"]
[Board "5"]
[WhiteElo "2158"]
[WhiteTitle "WFM"]
[WhiteCountry "BUL"]
[WhiteFideId "2900548"]
[WhiteEloChange "7"]
[BlackElo "2032"]
[BlackCountry "GRE"]
[BlackFideId "4214935"]
[BlackEloChange "-7"]

1. Nf3 {[%clk 1:30:57]} Nf6 {[%clk 1:30:51]} 2. c4 {[%clk 1:31:21]} e6 {[%clk
1:31:11]} 3. g3 {[%clk 1:30:59]} c5 {[%clk 1:26:21]} 4. Bg2 {[%clk 1:30:43]} Nc6
{[%clk 1:26:02]} 5. O-O {[%clk 1:28:52]} Be7 {[%clk 1:25:12]} 6. Nc3 {[%clk
1:25:14]} O-O {[%clk 1:24:06]} 7. d4 {[%clk 1:24:35]} d5 {[%clk 1:16:18]} 8. cxd5
{[%clk 1:22:13]} exd5 {[%clk 1:14:29]} 9. dxc5 {[%clk 1:18:11]} Bxc5 {[%clk
0:56:28]} 10. Bg5 {[%clk 1:18:20]} d4 {[%clk 0:53:40]} 11. Bxf6 {[%clk 1:17:57]}
Qxf6 {[%clk 0:51:20]} 12. Nd5 {[%clk 1:18:06]} Qd8 {[%clk 0:38:05]} 13. Ne1
{[%clk 1:17:51]} a6 {[%clk 0:20:13]} 14. Nd3 {[%clk 1:16:29]} Ba7 {[%clk
0:20:10]} 15. Rc1 {[%clk 1:09:15]} Qd6 {[%clk 0:18:06]} 16. Qd2 {[%clk 1:05:21]}
Bd7 {[%clk 0:17:01]} 17. a3 {[%clk 0:56:26]} Rfe8 {[%clk 0:14:19]} 18. Rfe1
{[%clk 0:54:43]} Rad8 {[%clk 0:09:34]} 19. b4 {[%clk 0:52:17]} Bc8 {[%clk
0:06:36]} 20. Nc5 {[%clk 0:42:47]} Re5 {[%clk 0:03:03]} 21. e4 {[%clk 0:34:39]}
dxe3 {[%clk 0:02:47]} 22. Rxe3 {[%clk 0:34:39]} Rxe3 {[%clk 0:01:11]} 23. Qxe3
{[%clk 0:34:04]} Be6 {[%clk 0:00:35]} 24. Rd1 {[%clk 0:26:53]} Qb8 {[%clk
0:00:34]} 25. Qc1 {[%clk 0:14:35]} Bf5 {[%clk 0:00:31]} 26. Nxa6 {[%clk 0:12:25]}
Qe5 {[%clk 0:00:38]} 27. Nc5 {[%clk 0:09:48]} Nd4 {[%clk 0:00:36]} 28. Qe3 {[%clk
0:07:16]} Qxe3 {[%clk 0:00:33]} 29. fxe3 {[%clk 0:07:04]} b6 {[%clk 0:00:34]} 30.
Rxd4 {[%clk 0:05:59]} 1-0

[Event "Greek Team Championship"]
[Site "chess24.com"]
[Date "2017.07.03"]
[Round "1"]
[White "Grammatikaki, Aggeliki"]
[Black "Mastrakouli, Evagelia"]
[Result "1-0"]
[Board "6"]
[WhiteElo "1623"]
[WhiteCountry "GRE"]
[WhiteFideId "25802607"]
[WhiteEloChange "14"]
[BlackElo "1783"]
[BlackCountry "GRE"]
[BlackFideId "4229347"]
[BlackEloChange "-14"]

1. c4 {[%clk 1:30:55]} Nf6 {[%clk 1:30:42]} 2. Nc3 {[%clk 1:31:18]} g6 {[%clk
1:30:52]} 3. d4 {[%clk 1:31:21]} Bg7 {[%clk 1:31:12]} 4. Nf3 {[%clk 1:31:30]} O-O
{[%clk 1:31:03]} 5. e4 {[%clk 1:28:27]} d6 {[%clk 1:31:18]} 6. Be2 {[%clk
1:24:36]} e5 {[%clk 1:31:07]} 7. dxe5 {[%clk 1:15:20]} dxe5 {[%clk 1:30:48]} 8.
Qxd8 {[%clk 1:11:28]} Rxd8 {[%clk 1:31:12]} 9. Bg5 {[%clk 1:10:33]} Re8 {[%clk
1:08:38]} 10. O-O-O {[%clk 1:06:13]} h6 {[%clk 1:05:42]} 11. Bh4 {[%clk 0:58:42]}
g5 {[%clk 0:54:53]} 12. Bg3 {[%clk 0:54:50]} Bg4 {[%clk 0:54:51]} 13. h4 {[%clk
0:45:28]} Bxf3 {[%clk 0:38:02]} 14. Bxf3 {[%clk 0:38:17]} g4 {[%clk 0:37:49]} 15.
Be2 {[%clk 0:38:32]} Nc6 {[%clk 0:27:55]} 16. Nd5 {[%clk 0:29:06]} Nxe4 {[%clk
0:08:50]} 17. Nxc7 {[%clk 0:24:58]} f5 {[%clk 0:08:30]} 18. Nxa8 {[%clk 0:22:00]}
Rxa8 {[%clk 0:05:22]} 19. Rhe1 {[%clk 0:16:49]} h5 {[%clk 0:04:48]} 20. Bd3
{[%clk 0:14:10]} Nxg3 {[%clk 0:04:14]} 21. fxg3 {[%clk 0:14:29]} e4 {[%clk
0:04:39]} 22. Bc2 {[%clk 0:08:12]} Be5 {[%clk 0:04:51]} 23. Rf1 {[%clk 0:04:28]}
Rf8 {[%clk 0:04:59]} 24. Rd5 {[%clk 0:03:45]} Bxg3 {[%clk 0:03:16]} 25. Rdxf5
{[%clk 0:03:47]} Rxf5 {[%clk 0:03:44]} 26. Rxf5 {[%clk 0:04:09]} e3 {[%clk
0:03:46]} 27. Kd1 {[%clk 0:03:14]} Nd4 {[%clk 0:03:43]} 28. Rg5+ {[%clk 0:03:26]}
Kf7 {[%clk 0:03:27]} 29. Bd3 {[%clk 0:03:30]} Bxh4 {[%clk 0:02:39]} 30. Rxh5
{[%clk 0:03:48]} Bf2 {[%clk 0:02:52]} 31. Rh7+ {[%clk 0:03:50]} Kf6 {[%clk
0:03:02]} 32. Rxb7 {[%clk 0:03:54]} Kg5 {[%clk 0:02:55]} 33. Rg7+ {[%clk
0:02:56]} Kf4 {[%clk 0:02:27]} 34. Be2 {[%clk 0:02:56]} 1-0

[Event "Greek Team Championship"]
[Site "chess24.com"]
[Date "2017.07.03"]
[Round "1"]
[White "Giannoulaki, Ermofili"]
[Black "Kalyva, Kyriaki"]
[Result "0-1"]
[Board "7"]
[WhiteElo "1220"]
[WhiteCountry "GRE"]
[WhiteFideId "25804278"]
[WhiteEloChange "-2"]
[BlackElo "1633"]
[BlackCountry "GRE"]
[BlackFideId "4271181"]
[BlackEloChange "2"]

1. d4 {[%clk 1:30:57]} d5 {[%clk 1:30:53]} 2. c4 {[%clk 1:31:21]} e6 {[%clk
1:31:17]} 3. Nc3 {[%clk 1:31:40]} Nf6 {[%clk 1:31:39]} 4. Nf3 {[%clk 1:31:59]} c6
{[%clk 1:31:59]} 5. Bg5 {[%clk 1:32:01]} Nbd7 {[%clk 1:32:17]} 6. e3 {[%clk
1:32:13]} Qa5 {[%clk 1:32:27]} 7. Nd2 {[%clk 1:31:35]} Bb4 {[%clk 1:32:19]} 8.
Qc2 {[%clk 1:31:11]} O-O {[%clk 1:31:29]} 9. Be2 {[%clk 1:30:51]} dxc4 {[%clk
1:31:12]} 10. Bxf6 {[%clk 1:31:07]} Nxf6 {[%clk 1:31:34]} 11. Nxc4 {[%clk
1:30:46]} Qc7 {[%clk 1:31:34]} 12. O-O {[%clk 1:30:34]} b6 {[%clk 1:30:40]} 13.
Bf3 {[%clk 1:28:27]} Bb7 {[%clk 1:27:12]} 14. Rfd1 {[%clk 1:22:15]} Rac8 {[%clk
1:17:29]} 15. Rac1 {[%clk 1:21:05]} Rfe8 {[%clk 1:02:37]} 16. Ne5 {[%clk
1:09:45]} Bd6 {[%clk 0:50:41]} 17. Nb5 {[%clk 1:01:11]} cxb5 {[%clk 0:50:03]} 18.
Qxc7 {[%clk 0:58:22]} Rxc7 {[%clk 0:50:26]} 19. Rxc7 {[%clk 0:56:35]} Bxf3 {[%clk
0:50:47]} 20. Rdc1 {[%clk 0:53:26]} Bxc7 {[%clk 0:49:53]} 21. Rxc7 {[%clk
0:52:57]} Bd5 {[%clk 0:48:49]} 22. Rxa7 {[%clk 0:50:23]} Ra8 {[%clk 0:48:11]} 23.
Rxa8+ {[%clk 0:37:38]} Bxa8 {[%clk 0:48:14]} 24. Kf1 {[%clk 0:37:42]} Kf8 {[%clk
0:46:12]} 25. f3 {[%clk 0:37:31]} Ke7 {[%clk 0:45:19]} 26. Ke2 {[%clk 0:37:42]}
Nd5 {[%clk 0:44:07]} 27. a3 {[%clk 0:36:36]} Bb7 {[%clk 0:35:26]} 28. Kd2 {[%clk
0:32:00]} Nf6 {[%clk 0:21:41]} 29. Kc3 {[%clk 0:30:01]} Nd7 {[%clk 0:19:22]} 30.
Nd3 {[%clk 0:28:14]} g5 {[%clk 0:11:18]} 31. Kb4 {[%clk 0:21:35]} Bc6 {[%clk
0:07:56]} 32. Nf2 {[%clk 0:17:09]} f5 {[%clk 0:04:00]} 33. b3 {[%clk 0:12:59]}
Nf6 {[%clk 0:03:50]} 0-1

[Event "Greek Team Championship"]
[Site "chess24.com"]
[Date "2017.07.03"]
[Round "1"]
[White "Ladopoulos, Dimitrios"]
[Black "Karzias, Christos"]
[Result "0-1"]
[Board "8"]
[WhiteElo "2229"]
[WhiteCountry "GRE"]
[WhiteFideId "4239580"]
[WhiteEloChange "-18"]
[BlackElo "1718"]
[BlackCountry "GRE"]
[BlackFideId "4254902"]
[BlackEloChange "18"]

1. e4 {[%clk 1:30:49]} e6 {[%clk 1:30:35]} 2. d4 {[%clk 1:30:49]} d5 {[%clk
1:30:56]} 3. Nc3 {[%clk 1:30:29]} Nf6 {[%clk 1:30:45]} 4. e5 {[%clk 1:30:28]}
Nfd7 {[%clk 1:31:06]} 5. f4 {[%clk 1:30:28]} c5 {[%clk 1:31:22]} 6. Nf3 {[%clk
1:30:47]} Nc6 {[%clk 1:31:25]} 7. Be3 {[%clk 1:30:57]} a6 {[%clk 1:28:20]} 8. Qd2
{[%clk 1:29:28]} b5 {[%clk 1:28:18]} 9. a3 {[%clk 1:29:40]} Qb6 {[%clk 1:25:14]}
10. Ne2 {[%clk 1:21:15]} c4 {[%clk 1:20:07]} 11. g4 {[%clk 1:14:29]} h5 {[%clk
1:20:14]} 12. gxh5 {[%clk 1:14:37]} Rxh5 {[%clk 1:20:36]} 13. Ng3 {[%clk
1:11:31]} Rh8 {[%clk 1:20:46]} 14. f5 {[%clk 1:06:17]} exf5 {[%clk 1:19:04]} 15.
Nxf5 {[%clk 1:06:29]} Nf6 {[%clk 1:19:20]} 16. Ng3 {[%clk 0:50:44]} Ng4 {[%clk
1:07:25]} 17. Bg1 {[%clk 0:43:41]} Be7 {[%clk 0:51:39]} 18. Qf4 {[%clk 0:35:34]}
b4 {[%clk 0:43:41]} 19. a4 {[%clk 0:31:21]} Nh6 {[%clk 0:36:15]} 20. Be2 {[%clk
0:21:23]} b3 {[%clk 0:27:51]} 21. c3 {[%clk 0:21:18]} Bd7 {[%clk 0:25:30]} 22.
Nh5 {[%clk 0:17:59]} O-O-O {[%clk 0:23:34]} 23. Nxg7 {[%clk 0:12:13]} Rdg8 {[%clk
0:22:58]} 24. Nh5 {[%clk 0:10:53]} Rg4 {[%clk 0:20:35]} 25. Qd2 {[%clk 0:10:34]}
Nb4 {[%clk 0:20:18]} 26. Rc1 {[%clk 0:04:46]} Nc2+ {[%clk 0:19:08]} 27. Kd1
{[%clk 0:04:03]} Nf5 {[%clk 0:17:04]} 28. Nf4 {[%clk 0:03:02]} Rxg1+ {[%clk
0:17:12]} 0-1

[Event "Greek Team Championship"]
[Site "chess24.com"]
[Date "2017.07.03"]
[Round "1"]
[White "Sotiropoulos, Anastasios-Theohar"]
[Black "Triantos, Konstantinos"]
[Result "0-1"]
[Board "9"]
[WhiteElo "1757"]
[WhiteCountry "GRE"]
[WhiteFideId "4292243"]
[WhiteEloChange "-3"]
[BlackElo "2045"]
[BlackCountry "GRE"]
[BlackFideId "4274300"]
[BlackEloChange "3"]

1. d4 {[%clk 1:30:57]} Nf6 {[%clk 1:30:55]} 2. c4 {[%clk 1:31:22]} e6 {[%clk
1:30:53]} 3. g3 {[%clk 1:31:43]} d5 {[%clk 1:30:45]} 4. Nf3 {[%clk 1:32:01]} c6
{[%clk 1:31:00]} 5. Bg2 {[%clk 1:32:23]} Be7 {[%clk 1:31:27]} 6. O-O {[%clk
1:32:47]} O-O {[%clk 1:31:55]} 7. Nc3 {[%clk 1:32:54]} b6 {[%clk 1:31:51]} 8. Bf4
{[%clk 1:32:18]} Bb7 {[%clk 1:30:42]} 9. Rc1 {[%clk 1:32:25]} Nbd7 {[%clk
1:30:34]} 10. cxd5 {[%clk 1:32:21]} exd5 {[%clk 1:29:58]} 11. Qc2 {[%clk
1:31:16]} Nh5 {[%clk 1:29:21]} 12. Ne5 {[%clk 1:18:50]} Nxe5 {[%clk 1:17:43]} 13.
Bxe5 {[%clk 1:18:32]} f6 {[%clk 1:18:03]} 14. Bf4 {[%clk 1:18:52]} Nxf4 {[%clk
1:18:32]} 15. gxf4 {[%clk 1:19:20]} Qd7 {[%clk 1:14:11]} 16. Kh1 {[%clk 1:11:19]}
Rad8 {[%clk 1:06:34]} 17. e3 {[%clk 1:06:05]} f5 {[%clk 1:03:05]} 18. Ne2 {[%clk
1:01:55]} Ba6 {[%clk 1:03:30]} 19. Rg1 {[%clk 0:54:42]} Bxe2 {[%clk 1:03:44]} 20.
Qxe2 {[%clk 0:55:06]} Rf6 {[%clk 1:03:57]} 21. Bf3 {[%clk 0:51:31]} Rh6 {[%clk
0:58:50]} 22. Rg3 {[%clk 0:45:32]} Kh8 {[%clk 0:57:30]} 23. Qd3 {[%clk 0:42:24]}
Qe6 {[%clk 0:47:24]} 24. Rcg1 {[%clk 0:40:26]} Rg8 {[%clk 0:46:21]} 25. Qf1
{[%clk 0:35:20]} Bd6 {[%clk 0:33:57]} 26. Qg2 {[%clk 0:32:30]} Qf6 {[%clk
0:30:18]} 27. Be2 {[%clk 0:26:21]} c5 {[%clk 0:20:08]} 28. dxc5 {[%clk 0:14:50]}
bxc5 {[%clk 0:20:31]} 29. Qxd5 {[%clk 0:12:00]} Rd8 {[%clk 0:11:07]} 30. Rxg7
{[%clk 0:06:01]} Rxh2+ {[%clk 0:11:35]} 31. Kxh2 {[%clk 0:06:16]} Bxf4+ {[%clk
0:12:00]} 32. exf4 {[%clk 0:05:15]} Qh6+ {[%clk 0:12:25]} 33. Kg3 {[%clk
0:02:31]} Qxg7+ {[%clk 0:12:47]} 34. Kf3 {[%clk 0:02:52]} Rxd5 {[%clk 0:13:06]}
35. Rxg7 {[%clk 0:03:10]} Kxg7 {[%clk 0:13:36]} 36. Ke3 {[%clk 0:03:09]} Kg6
{[%clk 0:13:30]} 37. Bc4 {[%clk 0:03:13]} Rd1 {[%clk 0:11:53]} 38. b3 {[%clk
0:02:59]} h5 {[%clk 0:12:04]} 39. a4 {[%clk 0:02:56]} Kf6 {[%clk 0:11:51]} 40.
Ke2 {[%clk 0:32:28]} Rg1 {[%clk 0:41:51]} 41. f3 {[%clk 0:31:36]} Rg2+ {[%clk
0:41:59]} 42. Kf1 {[%clk 0:31:40]} Rd2 {[%clk 0:42:19]} 43. Kg1 {[%clk 0:31:38]}
Rd4 {[%clk 0:42:38]} 44. Kg2 {[%clk 0:31:43]} Rxf4 {[%clk 0:42:52]} 45. Bg8
{[%clk 0:31:32]} Rb4 {[%clk 0:42:48]} 46. Kg3 {[%clk 0:31:45]} Ke5 {[%clk
0:42:55]} 47. Bf7 {[%clk 0:32:00]} h4+ {[%clk 0:43:21]} 48. Kh3 {[%clk 0:32:13]}
Kf4 {[%clk 0:43:25]} 49. Kxh4 {[%clk 0:32:13]} Kxf3+ {[%clk 0:43:54]} 50. Kg5
{[%clk 0:32:33]} f4 {[%clk 0:44:15]} 51. Kf5 {[%clk 0:32:49]} Ke3 {[%clk
0:44:35]} 52. Ke5 {[%clk 0:32:57]} f3 {[%clk 0:44:52]} 53. Kd5 {[%clk 0:33:05]}
f2 {[%clk 0:45:06]} 54. Kxc5 {[%clk 0:33:32]} f1Q {[%clk 0:45:27]} 55. Kxb4
{[%clk 0:33:53]} Qxf7 {[%clk 0:45:53]} 0-1